[Event "FRM-chT"]
[Site "Ohrid"]
[Date "2019.07.27"]
[Round "6.6"]
[White "Bogdanovski, Vlatko"]
[Black "Gjorgjieski, Dejan"]
[Result "1-0"]
[WhiteElo "2378"]
[BlackElo "2119"]
[PlyCount "107"]
[EventDate "2019.07.22"]
[EventType "team-tourn"]
[EventRounds "7"]
[EventCountry "MKD"]
[SourceTitle "EXT 2020"]
[Source "ChessBase"]
[SourceDate "2019.10.17"]
[SourceVersion "1"]
[SourceVersionDate "2019.10.17"]
[SourceQuality "1"]
[WhiteTeam "Skopje Alkaloid"]
[BlackTeam "Prilep"]
[WhiteTeamCountry "MKD"]
[BlackTeamCountry "MKD"]

1. d4 d5 2. Nf3 Nf6 3. c4 e6 4. Nc3 Be7 5. Bg5 0-0 6. e3 Ne4 7. Bxe7 Qxe7 8. Rc1 c6 9. Bd3 f5 10. 0-0 Nd7 11. Ne2 g5 12. Nd2 Ndf6 13. f3 Nxd2 14. Qxd2 Kh8 15. Qc3 Bd7 16. Rfe1 Qg7 17. Qb4 Rg8 18. Qd6 Raf8 19. Qe5 h5 20. b4 dxc4 21. Bxc4 Nd5 22. Qxg7+ Rxg7 23. Bxd5 exd5 24. f4 Re8 25. Kf2 g4 26. Nc3 h4 27. Ke2 Re6 28. Kd2 Be8 29. Na4 b6 30. Nb2 Rb7 31. Nd3 Ree7 32. Rc3 a5 33. bxa5 bxa5 34. Nc5 Rb2+ 35. Rc2 Rb5 36. Kc3 Ra7 37. Rb2 Ra8 38. Reb1 Rab8 39. g3 hxg3 40. hxg3 Kg7 41. a4 Rxb2 42. Rxb2 Rc8 43. Rb7+ Kf6 44. Ra7 Rb8 45. Kc2 Rc8 46. Rxa5 Bf7 47. Ra7 Rh8 48. Nd7+ Ke6 49. Ne5 Be8 50. Ra8 Rh2+ 51. Kb3 Ke7 52. a5 Rg2 53. a6 Rxg3 54. Rxe8+ 1-0

[Event "FRM-chT"]
[Site "Ohrid"]
[Date "2019.07.25"]
[Round "4.5"]
[White "Pavkovski, Nikola"]
[Black "Bogdanovski, Vlatko"]
[Result "0-1"]
[WhiteElo "1435"]
[BlackElo "2378"]
[PlyCount "74"]
[EventDate "2019.07.22"]
[EventType "team-tourn"]
[EventRounds "7"]
[EventCountry "MKD"]
[SourceTitle "EXT 2020"]
[Source "ChessBase"]
[SourceDate "2019.10.17"]
[SourceVersion "1"]
[SourceVersionDate "2019.10.17"]
[SourceQuality "1"]
[WhiteTeam "Skopje MSK Centar"]
[BlackTeam "Skopje Alkaloid"]
[WhiteTeamCountry "MKD"]
[BlackTeamCountry "MKD"]

1. e4 c5 2. Nf3 e6 3. d4 cxd4 4. Nxd4 a6 5. Nc3 b5 6. Bd3 Qb6 7. Nb3 Qc7 8. 0-0 Bb7 9. a3 Nf6 10. Qe1 d6 11. Kh1 Nbd7 12. f4 Be7 13. Qg3 g6 14. Bd2 h5 15. h3 h4 16. Qe3 Rc8 17. Rae1 Qb6 18. Qe2 Nh5 19. Qf2 Ng3+ 20. Kg1 Nxf1 21. Rxf1 Qxf2+ 22. Rxf2 Nc5 23. Nxc5 dxc5 24. e5 b4 25. axb4 cxb4 26. Na4 0-0 27. Kf1 Rfd8 28. b3 Bc6 29. Nb2 Bb5 30. Nc4 a5 31. Ke1 a4 32. Nb6 Bxd3 33. Nxc8 Rxc8 34. cxd3 a3 35. Be3 Rc3 36. Bd4 Rxd3 37. Ba1 Rxb3 0-1

[Event "Thessaloniki/Chalkidiki-chT"]
[Site "Thessaloniki/Chalkidiki"]
[Date "2019.02.10"]
[Round "4.1"]
[White "Bogdanovski, Vlatko"]
[Black "Gouloutis, Nikolaos"]
[Result "1/2-1/2"]
[WhiteElo "2385"]
[BlackElo "2359"]
[PlyCount "212"]
[EventDate "2019.01.13"]
[EventType "team-tourn"]
[EventRounds "9"]
[EventCountry "GRE"]
[SourceTitle "EXT 2020"]
[Source "ChessBase"]
[SourceDate "2019.10.17"]
[SourceVersion "1"]
[SourceVersionDate "2019.10.17"]
[SourceQuality "1"]
[WhiteTeam "Papafi Chronikos"]
[BlackTeam "Polichnis"]
[WhiteTeamCountry "GRE"]
[BlackTeamCountry "GRE"]

1. d4 Nf6 2. Nf3 e6 3. c4 Bb4+ 4. Nbd2 0-0 5. a3 Be7 6. e4 d6 7. Bd3 Nfd7 8. 0-0 e5 9. d5 Nc5 10. Bc2 a5 11. b3 Qe8 12. Rb1 Bd7 13. Bb2 b5 14. Bc3 f6 15. Re1 a4 16. b4 Nb3 17. Bd3 bxc4 18. Bxc4 Bg4 19. h3 Nxd2 20. Bxd2 Bd7 21. Rc1 Kh8 22. Nh2 Qg6 23. Rc3 f5 24. Bd3 Bh4 25. exf5 Bxf5 26. Bxf5 Qxf5 27. Nf3 Bd8 28. Qc2 Qf7 29. Bg5 Qxd5 30. Bxd8 Rxd8 31. Ng5 g6 32. Rxc7 Rd7 33. Rc8+ Kg7 34. Rd1 Qb3 35. Qc1 h6 36. Ne4 Qe6 37. Qc3 Qb3 38. Qa1 Qe6 39. f4 Rda7 40. Nxd6 Nd7 41. Rxa8 Rxa8 42. Nc4 Rc8 43. Nxe5 Nxe5 44. fxe5 Rc2 45. Qd4 h5 46. Qd7+ Qxd7 47. Rxd7+ Kf8 48. Ra7 Re2 49. Rxa4 Rxe5 50. Ra7 Ke8 51. a4 Kd8 52. b5 Kc8 53. Rg7 g5 54. Kf2 Kb8 55. Kf3 Ka8 56. Rh7 Rf5+ 57. Ke3 h4 58. Rg7 Kb8 59. Kd4 Rf4+ 60. Kc5 Rxa4 61. Rxg5 Re4 62. Kd5 Re2 63. Rg7 Ka8 64. Kc6 Re8 65. Rg4 Re6+ 66. Kc7 Re7+ 67. Kd6 Rh7 68. Kc6 Rh6+ 69. Kc5 Rh5+ 70. Kb4 Kb7 71. Ka5 Rh7 72. Rg5 Ka7 73. Rg4 Kb7 74. Rg5 Ka7 75. Kb4 Kb6 76. Rg6+ Kb7 77. Kc4 Rh5 78. Kb4 Rh7 79. Ka5 Ka7 80. Kb4 Kb7 81. Kc4 Rh5 82. b6 Re5 83. Kd3 Re8 84. Rh6 Rg8 85. Rxh4 Rxg2 86. Rh6 Rb2 87. h4 Rb4 88. Kc3 Rb5 89. Kc4 Rb1 90. Kc5 Rc1+ 91. Kd4 Rb1 92. Kc4 Rc1+ 93. Kd3 Rb1 94. Kc2 Rb4 95. h5 Rb5 96. Kc3 Rd5 97. Kc4 Re5 98. Kd4 Rb5 99. Ke4 Rb4+ 100. Kf5 Rb5+ 101. Kf6 Rxb6+ 102. Kg7 Rb4 103. Rh8 Ka7 104. Rh7 Ka8 105. Rh8+ Ka7 106. Kf6 Rb6+ 1/2-1/2

[Event "FRM-ch op"]
[Site "Skopje"]
[Date "2018.12.23"]
[Round "9"]
[White "Risteski, Emil"]
[Black "Bogdanovski, Vlatko"]
[Result "1-0"]
[WhiteElo "2068"]
[BlackElo "2390"]
[PlyCount "57"]
[EventDate "2018.12.15"]
[EventType "swiss"]
[EventRounds "9"]
[EventCountry "MKD"]
[SourceTitle "CBM 187 Extra"]
[Source "ChessBase"]
[SourceDate "2018.11.04"]
[SourceVersion "1"]
[SourceVersionDate "2018.11.04"]
[SourceQuality "1"]

1. e4 c6 2. d4 d5 3. Nc3 dxe4 4. Nxe4 Bf5 5. Ng3 Bg6 6. h4 h6 7. Nf3 Nd7 8. h5 Bh7 9. Bd3 Bxd3 10. Qxd3 e6 11. Bd2 Ngf6 12. 0-0-0 Be7 13. Kb1 Qb6 14. c4 Rd8 15. Qe2 0-0 16. Ne5 Rfe8 17. Bc3 c5 18. Nxd7 Nxd7 19. Ne4 cxd4 20. Bxd4 Qc6 21. Qg4 f6 22. Rh3 Ne5 23. Bxe5 Rxd1+ 24. Kc2 Rd7 25. Bxf6 Qxc4+ 26. Rc3 Qa4+ 27. Kc1 Bb4 28. Be5 Kh8 29. Nc5 1-0

[Event "FRM-ch op"]
[Site "Skopje"]
[Date "2018.12.22"]
[Round "8"]
[White "Bogdanovski, Vlatko"]
[Black "Lazov, Toni"]
[Result "0-1"]
[WhiteElo "2390"]
[BlackElo "2335"]
[PlyCount "104"]
[EventDate "2018.12.15"]
[EventType "swiss"]
[EventRounds "9"]
[EventCountry "MKD"]
[SourceTitle "CBM 187 Extra"]
[Source "ChessBase"]
[SourceDate "2018.11.04"]
[SourceVersion "1"]
[SourceVersionDate "2018.11.04"]
[SourceQuality "1"]

1. d4 Nf6 2. Nf3 d6 3. Nbd2 g6 4. e4 Bg7 5. c3 0-0 6. Bd3 c5 7. 0-0 cxd4 8. cxd4 Nc6 9. h3 Nh5 10. Nb3 e5 11. Be3 Nf4 12. Re1 Nxd3 13. Qxd3 b6 14. Bg5 Qe8 15. Bd2 a5 16. Bc3 Ba6 17. Qe3 Rb8 18. Rad1 Qe7 19. Rd2 a4 20. Nc1 exd4 21. Nxd4 Ne5 22. b3 Rbc8 23. Bb4 Rfe8 24. Nce2 Qh4 25. Red1 d5 26. f4 dxe4 27. fxe5 Bh6 28. Qg3 Qxg3 29. Nxg3 Bxd2 30. Bxd2 Rxe5 31. Bf4 Ree8 32. Re1 Bd3 33. bxa4 Rc4 34. Nb5 Rxa4 35. Nd6 Re6 36. Rc1 Ra8 37. Rc7 g5 38. Bxg5 Rxd6 39. Nf5 Re6 40. Nh6+ Kf8 41. Rxf7+ Ke8 42. Rxh7 Rxa2 43. Nf5 e3 44. Rh8+ Kd7 45. Nxe3 Be4 46. Rd8+ Kc6 47. Rd4 b5 48. h4 Kc5 49. Rd8 b4 50. Rc8+ Bc6 51. h5 b3 52. Rb8 b2 0-1

[Event "FRM-ch op"]
[Site "Skopje"]
[Date "2018.12.17"]
[Round "3"]
[White "Trajkovski, Mile"]
[Black "Bogdanovski, Vlatko"]
[Result "0-1"]
[WhiteElo "2120"]
[BlackElo "2390"]
[PlyCount "118"]
[EventDate "2018.12.15"]
[EventType "swiss"]
[EventRounds "9"]
[EventCountry "MKD"]
[SourceTitle "CBM 187 Extra"]
[Source "ChessBase"]
[SourceDate "2018.11.04"]
[SourceVersion "1"]
[SourceVersionDate "2018.11.04"]
[SourceQuality "1"]

1. e4 c6 2. d4 d5 3. Nc3 dxe4 4. Nxe4 Bf5 5. Ng3 Bg6 6. h4 h6 7. Nf3 e6 8. Bd3 Bxd3 9. Qxd3 Nf6 10. Bd2 Be7 11. Ne4 Nbd7 12. 0-0-0 Nxe4 13. Qxe4 Nf6 14. Qe2 Qd5 15. c4 Qe4 16. Rhe1 Qxe2 17. Rxe2 0-0 18. Ne5 h5 19. f3 Rad8 20. Bg5 Rfe8 21. a3 Nd7 22. Bxe7 Rxe7 23. Red2 Kh7 24. b3 Nf8 25. f4 f6 26. Nf3 Red7 27. Kc2 Kg6 28. Kd3 Kf7 29. Ke4 Re8 30. g3 Ng6 31. Ng1 Ne7 32. Ne2 Nf5 33. Kf3 Red8 34. Ke4 b5 35. d5 exd5+ 36. cxd5 Ne7 37. Nc3 f5+ 38. Ke5 Rd6 39. b4 g6 40. Rd3 Nxd5 41. Nxd5 Re6+ 42. Kd4 Rxd5+ 43. Kc3 Rxd3+ 44. Rxd3 Ke7 45. Rf3 Kd6 46. Rd3+ Kc7 47. Kb3 Re1 48. Kc3 Re4 49. Kb3 Re1 50. Kc3 Kb6 51. Kd2 Re6 52. Rc3 a5 53. Kc2 Re2+ 54. Kc1 axb4 55. axb4 Re4 56. Rb3 c5 57. bxc5+ Kxc5 58. Kd2 b4 59. Kd3 Re1 0-1

[Event "FRM-ch op"]
[Site "Skopje"]
[Date "2018.12.16"]
[Round "2"]
[White "Bogdanovski, Vlatko"]
[Black "Veljanoski, Andrej"]
[Result "1-0"]
[WhiteElo "2390"]
[BlackElo "1994"]
[PlyCount "87"]
[EventDate "2018.12.15"]
[EventType "swiss"]
[EventRounds "9"]
[EventCountry "MKD"]
[SourceTitle "CBM 187 Extra"]
[Source "ChessBase"]
[SourceDate "2018.11.04"]
[SourceVersion "1"]
[SourceVersionDate "2018.11.04"]
[SourceQuality "1"]

1. d4 d5 2. c4 e6 3. cxd5 exd5 4. Nc3 Nf6 5. Bg5 c6 6. e3 Bf5 7. Qf3 Bg6 8. Bxf6 gxf6 9. Qd1 Qb6 10. Qd2 Nd7 11. Nge2 Bd6 12. Ng3 h5 13. Bd3 Bxd3 14. Qxd3 Qxb2 15. Rb1 Qa3 16. 0-0 Bxg3 17. hxg3 0-0-0 18. Rb3 Qe7 19. Na4 h4 20. Rfb1 Nb6 21. Nxb6+ axb6 22. Rxb6 Rd7 23. Rxc6+ bxc6 24. Qa6+ Kc7 25. Rb6 Qe6 26. Rb7+ Kd8 27. Qa8+ Ke7 28. Rxd7+ Kxd7 29. Qxh8 hxg3 30. Qh3 gxf2+ 31. Kxf2 f5 32. Qh4 Kc7 33. Qf4+ Kb7 34. Kf3 Ka6 35. Ke2 Qg6 36. Kf2 Qf6 37. Ke1 Qg6 38. Qf1+ Kb6 39. Kd2 f4 40. exf4 Qe4 41. Qf2 Qb1 42. Kc3 Qc1+ 43. Kb3 Ka5 44. Qc2 1-0

[Event "KOS-chT"]
[Site "Pristina"]
[Date "2018.05.10"]
[Round "4.3"]
[White "Delchev, Aleksander"]
[Black "Bogdanovski, Vlatko"]
[Result "1/2-1/2"]
[WhiteElo "2566"]
[BlackElo "2391"]
[PlyCount "69"]
[EventDate "2018.05.07"]
[EventType "team-tourn"]
[EventRounds "7"]
[EventCountry "KOS"]
[SourceTitle "EXT 2019"]
[Source "ChessBase"]
[SourceDate "2018.10.10"]
[SourceVersion "1"]
[SourceVersionDate "2018.10.10"]
[SourceQuality "1"]
[WhiteTeam "Vellaznimi"]
[BlackTeam "Drenasi"]
[WhiteTeamCountry "KOS"]
[BlackTeamCountry "KOS"]

1. Nf3 Nf6 2. c4 e6 3. g3 d5 4. d4 Bb4+ 5. Bd2 Qe7 6. Bg2 0-0 7. 0-0 Nbd7 8. Qc2 c6 9. Bf4 b6 10. Rd1 Ba6 11. b3 Rac8 12. Nc3 Nh5 13. Bc1 Nhf6 14. e4 dxc4 15. Bf4 Rfe8 16. h3 h6 17. g4 Ba5 18. Nd2 b5 19. bxc4 bxc4 20. a3 Bxc3 21. Qxc3 c5 22. dxc5 Nxc5 23. Nxc4 Ncd7 24. Bf1 Nxe4 25. Qd4 Bxc4 26. Bxc4 Nef6 27. Bb5 e5 28. Qa4 exf4 29. Bxd7 Nxd7 30. Rxd7 Qf6 31. Rad1 Re2 32. Qxa7 Rce8 33. Qd4 Re1+ 34. Kh2 Rxd1 35. Qxd1 1/2-1/2

[Event "KOS-chT"]
[Site "Pristina"]
[Date "2018.05.09"]
[Round "3.4"]
[White "Bogdanovski, Vlatko"]
[Black "Podlesnik, Bogdan"]
[Result "1/2-1/2"]
[WhiteElo "2391"]
[BlackElo "2360"]
[PlyCount "36"]
[EventDate "2018.05.07"]
[EventType "team-tourn"]
[EventRounds "7"]
[EventCountry "KOS"]
[SourceTitle "EXT 2019"]
[Source "ChessBase"]
[SourceDate "2018.10.10"]
[SourceVersion "1"]
[SourceVersionDate "2018.10.10"]
[SourceQuality "1"]
[WhiteTeam "Drenasi"]
[BlackTeam "Pristina"]
[WhiteTeamCountry "KOS"]
[BlackTeamCountry "KOS"]

1. d4 Nf6 2. Bg5 d5 3. Nd2 Nbd7 4. Ngf3 h6 5. Bh4 e6 6. e3 Be7 7. Bd3 c5 8. c3 0-0 9. 0-0 b6 10. Ne5 Nxe5 11. dxe5 Nd7 12. Bxe7 Qxe7 13. f4 Bb7 14. Qe2 f6 15. exf6 Rxf6 16. Bb5 a6 17. Bxd7 Qxd7 18. Nf3 Qb5 1/2-1/2

[Event "Thessaloniki Vardaris op 4th"]
[Site "Thessaloniki"]
[Date "2018.02.17"]
[Round "4"]
[White "Papasimakopoulos, Alexandros"]
[Black "Bogdanovski, Vlatko"]
[Result "1/2-1/2"]
[WhiteElo "2170"]
[BlackElo "2405"]
[PlyCount "137"]
[EventDate "2018.02.15"]
[EventType "swiss"]
[EventRounds "7"]
[EventCountry "GRE"]
[SourceTitle "CBM 183 Extra"]
[Source "ChessBase"]
[SourceDate "2018.04.19"]
[SourceVersion "1"]
[SourceVersionDate "2018.04.19"]
[SourceQuality "1"]

1. d4 Nf6 2. c4 e6 3. Nc3 d5 4. cxd5 exd5 5. Bg5 c6 6. Qc2 Be7 7. e3 Nbd7 8. Bd3 Nh5 9. Bxe7 Qxe7 10. Nge2 g6 11. 0-0-0 Nb6 12. Na4 Nxa4 13. Qxa4 Bd7 14. Nc3 0-0 15. Kb1 Nf6 16. Rhe1 Ne4 17. Qc2 Nxc3+ 18. Qxc3 Rfe8 19. f3 Qg5 20. Qd2 Rad8 21. Qf2 Qf6 22. Re2 b6 23. Bc2 Bc8 24. e4 dxe4 25. fxe4 Qxf2 26. Rxf2 Bg4 27. Rdd2 Re7 28. h3 Be6 29. Rf1 Bc4 30. Rfd1 f6 31. b3 Bf7 32. Kb2 Kg7 33. Kc3 g5 34. Re1 Rde8 35. Rde2 c5 36. dxc5 bxc5 37. Rf2 Rd8 38. Rf5 Rc8 39. e5 Rxe5 40. Rexe5 fxe5 41. Rxe5 h6 42. Re7 a5 43. Bf5 Rc6 44. Ra7 Kf6 45. Be4 Rc8 46. Rxa5 h5 47. Bf3 h4 48. a4 Rb8 49. Rb5 Rxb5 50. axb5 Ke5 51. b6 Kd6 52. b4 c4 53. Kd4 Be6 54. b5 Bf7 55. b7 Kc7 56. Be2 Kxb7 57. Bxc4 Bh5 58. Be6 Kb6 59. Bd7 Be2 60. Ke5 Bf1 61. Bc6 Bxg2 62. Bxg2 Kxb5 63. Kf5 Kc5 64. Kxg5 Kd6 65. Kxh4 Ke7 66. Kg5 Kf8 67. Kh6 Kg8 68. Bd5+ Kh8 69. h4 1/2-1/2

[Event "FRM-ch"]
[Site "Ohrid"]
[Date "2017.08.20"]
[Round "8"]
[White "Bogdanovski, Vlatko"]
[Black "Nikolov, Sasho"]
[Result "1/2-1/2"]
[WhiteElo "2404"]
[BlackElo "2320"]
[PlyCount "125"]
[EventDate "2017.08.13"]
[EventType "swiss"]
[EventRounds "9"]
[EventCountry "MKD"]
[SourceTitle "CBM 180 Extra"]
[Source "ChessBase"]
[SourceDate "2017.10.06"]
[SourceVersion "1"]
[SourceVersionDate "2017.10.06"]
[SourceQuality "1"]

1. Nf3 d5 2. g3 Nf6 3. Bg2 c6 4. 0-0 Bg4 5. d3 Nbd7 6. Nbd2 e5 7. h3 Bh5 8. c4 e4 9. Ne1 Nc5 10. cxd5 cxd5 11. dxe4 Nfxe4 12. Nxe4 dxe4 13. Qc2 Bg6 14. b4 e3 15. Qc4 exf2+ 16. Rxf2 Nd7 17. Bxb7 Rb8 18. Bc6 Bd6 19. Bf4 Rxb4 20. Qc3 Rxf4 21. gxf4 0-0 22. Qd2 Nb8 23. Rd1 Bc7 24. Qxd8 Rxd8 25. Rxd8+ Bxd8 26. Bb5 Bb6 27. Kf1 Bxf2 28. Kxf2 Kf8 29. Ke3 Ke7 30. Kd4 Kd6 31. Nf3 Bb1 32. a3 f6 33. Nd2 Bf5 34. Nc4+ Kc7 35. h4 Nc6+ 36. Kc5 Nd8 37. Kd4 Ne6+ 38. Ke3 Bg4 39. Ba4 h5 40. Be8 Kd8 41. Bg6 Bxe2 42. Na5 Bg4 43. Nc6+ Kd7 44. Nxa7 Kd6 45. Nb5+ Kc5 46. Nc3 Kc4 47. Ne4 Kb3 48. Ng3 Kxa3 49. f5 Nf8 50. Bxh5 Bxf5 51. Nxf5 g5 52. hxg5 fxg5 53. Bf7 Kb4 54. Kd4 Nd7 55. Ne3 Nb6 56. Be8 Na4 57. Bf7 Nb6 58. Be6 Na4 59. Nc2+ Kb5 60. Bd7+ Ka5 61. Ne3 Kb4 62. Nd5+ Ka5 63. Bg4 1/2-1/2

[Event "FRM-ch"]
[Site "Ohrid"]
[Date "2017.08.18"]
[Round "6"]
[White "Bogdanovski, Vlatko"]
[Black "Georgiev, Todor"]
[Result "1-0"]
[WhiteElo "2404"]
[BlackElo "2284"]
[PlyCount "99"]
[EventDate "2017.08.13"]
[EventType "swiss"]
[EventRounds "9"]
[EventCountry "MKD"]
[SourceTitle "CBM 180 Extra"]
[Source "ChessBase"]
[SourceDate "2017.10.06"]
[SourceVersion "1"]
[SourceVersionDate "2017.10.06"]
[SourceQuality "1"]

1. d4 Nf6 2. c4 g6 3. Nc3 Bg7 4. e4 d6 5. Nf3 0-0 6. h3 e5 7. d5 a5 8. Be3 Na6 9. g4 Nc5 10. Nd2 Ne8 11. Rg1 Kh8 12. Qc2 c6 13. 0-0-0 Nc7 14. Kb1 cxd5 15. cxd5 b6 16. h4 N7a6 17. Nf3 f5 18. gxf5 gxf5 19. Bxa6 Nxa6 20. Ng5 f4 21. Bc1 Nc7 22. b3 b5 23. Bb2 Qe7 24. Qd2 b4 25. Na4 Ra6 26. Rc1 h6 27. Nf3 Nb5 28. Qe2 Bd7 29. Rg6 Rf6 30. Rg2 Rf7 31. Rcg1 Nc7 32. Rg6 Bb5 33. Qc2 Ra8 34. Nd2 Na6 35. Nb6 Nc5 36. Nbc4 Ra6 37. a4 bxa3 38. Bxa3 Nb7 39. Nb2 Ra8 40. Ndc4 Rd8 41. f3 Rc8 42. Qg2 Rd8 43. Qg4 a4 44. bxa4 Bxc4 45. Nxc4 Rb8 46. Ka1 Qc7 47. Qh5 Kh7 48. Re6 Na5 49. Bxd6 Nb3+ 50. Ka2 1-0

[Event "FRM-ch"]
[Site "Ohrid"]
[Date "2017.08.14"]
[Round "2"]
[White "Bogdanovski, Vlatko"]
[Black "Konstantinov, Aleksandar1"]
[Result "1/2-1/2"]
[WhiteElo "2404"]
[BlackElo "2157"]
[PlyCount "35"]
[EventDate "2017.08.13"]
[EventType "swiss"]
[EventRounds "9"]
[EventCountry "MKD"]
[SourceTitle "CBM 180 Extra"]
[Source "ChessBase"]
[SourceDate "2017.10.06"]
[SourceVersion "1"]
[SourceVersionDate "2017.10.06"]
[SourceQuality "1"]

1. d4 e6 2. c4 Nf6 3. g3 Bb4+ 4. Bd2 a5 5. Bg2 0-0 6. Nf3 b6 7. Ne5 Ra7 8. 0-0 d6 9. Nd3 Bxd2 10. Qxd2 Bb7 11. Nc3 Bxg2 12. Kxg2 c5 13. f3 Nc6 14. d5 exd5 15. cxd5 Nd4 16. e3 Nf5 17. Rae1 Re7 18. a4 1/2-1/2

[Event "FRM-chT 16th"]
[Site "Ohrid"]
[Date "2017.07.27"]
[Round "4.6"]
[White "Bogdanovski, Vlatko"]
[Black "Suajibi, Dritan"]
[Result "1-0"]
[WhiteElo "2400"]
[BlackElo "2065"]
[PlyCount "71"]
[EventDate "2017.07.24"]
[EventType "team-tourn"]
[EventRounds "5"]
[EventCountry "MKD"]
[SourceTitle "CBM 179 Extra"]
[Source "ChessBase"]
[SourceDate "2017.08.23"]
[SourceVersion "1"]
[SourceVersionDate "2017.08.23"]
[SourceQuality "1"]
[WhiteTeam "Skopje Alkaloid"]
[BlackTeam "Gostivar"]
[WhiteTeamCountry "MKD"]
[BlackTeamCountry "MKD"]

1. d4 g6 2. e4 Bg7 3. Nc3 d6 4. Nf3 Bg4 5. Be3 Nf6 6. Be2 0-0 7. 0-0 Nbd7 8. h3 Bxf3 9. Bxf3 e5 10. g3 Re8 11. Bg2 Nb6 12. Qd3 Qe7 13. a4 a6 14. Rfd1 Rad8 15. d5 Nbd7 16. a5 Nb8 17. b4 c6 18. Bb6 Rd7 19. h4 cxd5 20. Nxd5 Nxd5 21. Qxd5 Qe6 22. Kh2 Bf8 23. Bh3 Qxd5 24. Rxd5 Rdd8 25. Bxd8 Rxd8 26. b5 Nd7 27. Bxd7 Rxd7 28. b6 f6 29. Ra3 Be7 30. Rc3 Bd8 31. Rc8 Kf7 32. c4 f5 33. c5 Ke6 34. Rxd6+ Rxd6 35. cxd6 Kd7 36. Rb8 1-0

[Event "FRM-chT 16th"]
[Site "Ohrid"]
[Date "2017.07.25"]
[Round "2.5"]
[White "Capanov, Mile"]
[Black "Bogdanovski, Vlatko"]
[Result "0-1"]
[WhiteElo "1933"]
[BlackElo "2400"]
[PlyCount "40"]
[EventDate "2017.07.24"]
[EventType "team-tourn"]
[EventRounds "5"]
[EventCountry "MKD"]
[SourceTitle "CBM 179 Extra"]
[Source "ChessBase"]
[SourceDate "2017.08.23"]
[SourceVersion "1"]
[SourceVersionDate "2017.08.23"]
[SourceQuality "1"]
[WhiteTeam "Bitola Noemvri"]
[BlackTeam "Skopje Alkaloid"]
[WhiteTeamCountry "MKD"]
[BlackTeamCountry "MKD"]

1. e4 c6 2. d4 d5 3. Nc3 dxe4 4. Nxe4 Bf5 5. Ng3 Bg6 6. c3 e6 7. Bd3 Nf6 8. N1e2 Nbd7 9. 0-0 Bd6 10. Re1 0-0 11. Nf4 Bxd3 12. Nxd3 Qc7 13. Qf3 Rad8 14. Bg5 h6 15. Be3 b6 16. Rad1 c5 17. dxc5 bxc5 18. Nf4 Ne5 19. Qe2 Neg4 20. Bc1 Bxf4 0-1

[Event "Skopje Karposh op"]
[Site "Skopje"]
[Date "2017.04.07"]
[Round "8"]
[White "Gokerkan, Cem Kaan"]
[Black "Bogdanovski, Vlatko"]
[Result "1/2-1/2"]
[WhiteElo "2280"]
[BlackElo "2388"]
[PlyCount "86"]
[EventDate "2017.04.01"]
[EventType "swiss"]
[EventRounds "9"]
[EventCountry "MKD"]
[SourceTitle "CBM 177 Extra"]
[Source "ChessBase"]
[SourceDate "2017.04.27"]
[SourceVersion "1"]
[SourceVersionDate "2017.04.27"]
[SourceQuality "1"]

1. e4 c6 2. d4 d5 3. e5 Bf5 4. Nf3 e6 5. Be2 Nd7 6. 0-0 Ne7 7. Nbd2 h6 8. Nb3 Qc7 9. a4 g5 10. a5 Bg7 11. Bd2 f6 12. exf6 Bxf6 13. Bb4 0-0 14. Nc5 Nxc5 15. Bxc5 b6 16. axb6 axb6 17. Rxa8 Rxa8 18. Ba3 c5 19. Re1 g4 20. Ne5 Bxe5 21. dxe5 h5 22. f3 gxf3 23. Bxf3 b5 24. c4 bxc4 25. Qc1 Ng6 26. Qg5 Qe7 27. Qxe7 Nxe7 28. Bxc5 Nc6 29. Bxh5 Ra5 30. Bf2 Ra2 31. Be8 Nb4 32. g4 Be4 33. Bd7 Nd3 34. Bxe6+ Kg7 35. Rxe4 dxe4 36. Bxc4 Rxb2 37. e6 Nxf2 38. e7 Nh3+ 39. Kf1 Rb8 40. Bb5 Kf7 41. e8Q+ Rxe8 42. Bxe8+ Kxe8 43. Ke2 Kf7 1/2-1/2

[Event "FRM-ch op 25th"]
[Site "Struga"]
[Date "2016.07.22"]
[Round "7"]
[White "Zlatanovic, Boroljub"]
[Black "Bogdanovski, Vlatko"]
[Result "1/2-1/2"]
[WhiteElo "2377"]
[BlackElo "2392"]
[PlyCount "61"]
[EventDate "2016.07.16"]
[EventType "swiss"]
[EventRounds "9"]
[EventCountry "MKD"]
[SourceTitle "CBM 173 Extra"]
[Source "ChessBase"]
[SourceDate "2016.08.29"]
[SourceVersion "1"]
[SourceVersionDate "2016.08.29"]
[SourceQuality "1"]

1. e4 c6 2. d4 d5 3. Nc3 dxe4 4. Nxe4 Bf5 5. Ng3 Bg6 6. Nh3 Nf6 7. Nf4 e5 8. Nxg6 hxg6 9. dxe5 Qxd1+ 10. Kxd1 Ng4 11. Ne4 Nxe5 12. Bf4 Nbd7 13. c3 f6 14. Kc2 0-0-0 15. b4 Re8 16. Re1 Nb6 17. Ng5 Bd6 18. Bxe5 Rxe5 19. Rxe5 Bxe5 20. Nf3 Bd6 21. Bd3 f5 22. Re1 Kd7 23. g3 Re8 24. Rxe8 Kxe8 25. Nh4 Kf7 26. f4 Be7 27. Nf3 Bf6 28. c4 c5 29. a3 Nd7 30. h3 Nf8 31. b5 1/2-1/2

[Event "FRM-ch op 25th"]
[Site "Struga"]
[Date "2016.07.21"]
[Round "6"]
[White "Bogdanovski, Vlatko"]
[Black "Saric, Ante"]
[Result "1-0"]
[WhiteElo "2392"]
[BlackElo "2586"]
[PlyCount "81"]
[EventDate "2016.07.16"]
[EventType "swiss"]
[EventRounds "9"]
[EventCountry "MKD"]
[SourceTitle "CBM 173 Extra"]
[Source "ChessBase"]
[SourceDate "2016.08.29"]
[SourceVersion "1"]
[SourceVersionDate "2016.08.29"]
[SourceQuality "1"]

1. d4 Nf6 2. c4 e6 3. g3 d5 4. Bg2 dxc4 5. Nf3 Bb4+ 6. Bd2 a5 7. Qc2 Bxd2+ 8. Qxd2 c6 9. a4 Ne4 10. Qc2 Nd6 11. Nbd2 Na6 12. Nxc4 Nb4 13. Nxd6+ Qxd6 14. Qc3 0-0 15. 0-0 b6 16. Rfd1 Ba6 17. e3 Rac8 18. Ne5 Rfd8 19. Bf3 Qe7 20. e4 g6 21. h4 h5 22. Rd2 Qf6 23. Rad1 c5 24. d5 exd5 25. exd5 Na2 26. Qe3 Re8 27. Re1 Qd6 28. Qg5 Re7 29. Bxh5 Rce8 30. f4 Nb4 31. Bg4 Nc6 32. Be6 Kg7 33. f5 Nxe5 34. f6+ Kh7 35. Rxe5 fxe6 36. fxe7 exd5 37. Rdxd5 Qc6 38. h5 Bb7 39. Qxg6+ Qxg6 40. hxg6+ Kxg6 41. Rd6+ 1-0

[Event "FRM-ch op 25th"]
[Site "Struga"]
[Date "2016.07.19"]
[Round "4"]
[White "Bogdanovski, Vlatko"]
[Black "Peev, Kosta"]
[Result "1-0"]
[WhiteElo "2392"]
[BlackElo "2085"]
[PlyCount "71"]
[EventDate "2016.07.16"]
[EventType "swiss"]
[EventRounds "9"]
[EventCountry "MKD"]
[SourceTitle "CBM 173 Extra"]
[Source "ChessBase"]
[SourceDate "2016.08.29"]
[SourceVersion "1"]
[SourceVersionDate "2016.08.29"]
[SourceQuality "1"]

1. Nf3 Nf6 2. g3 g6 3. Bg2 Bg7 4. c4 d6 5. d4 0-0 6. Nc3 Nbd7 7. 0-0 e5 8. h3 Re8 9. e4 a5 10. Re1 exd4 11. Nxd4 Nc5 12. Rb1 Nfd7 13. Be3 Ne5 14. Bf1 Ne6 15. Ndb5 g5 16. Be2 Nf8 17. c5 Bxh3 18. cxd6 cxd6 19. Nxd6 Qf6 20. Nxe8 Rxe8 21. f3 Rd8 22. Nd5 Qe6 23. b4 g4 24. f4 Nc6 25. Bd3 Nxb4 26. Rxb4 axb4 27. Bf2 h5 28. Bc4 Qd7 29. Qd2 Bc3 30. Qe2 Kg7 31. Rd1 Ne6 32. Nxc3 bxc3 33. Rxd7 Rxd7 34. Qc2 Kg8 35. Bxe6 fxe6 36. Be1 1-0